000 00518nam a2200169Ia 4500
008 090201s9999 xx 000 0 und d
010 _aKPL-28641
040 _bमराठी
041 _aमराठी
082 _a30529
_b28641
100 _aशिरीष कणेकर
245 _aफिल्लमबाजी
_cशिरीष कणेकर
260 _c2004
_bविजय प्रकाशन
300 _a167
_bमोठा
600 _aफिल्लमबाजी
942 _cBOOK
999 _c229065
_d229065